| 000 | 00850nam a22002657a 4500 | ||
|---|---|---|---|
| 999 |
_c13558 _d13558 |
||
| 003 | AR-CdUCM | ||
| 008 | 190415b ||||| |||| 00| 0 spa d | ||
| 020 | _a978-612-45250-4-9 | ||
| 040 |
_aMUNICIPALIDAD PROVINCIAL DEL CUSCO _cBIBLIOTECA MUNICIPAL DEL CUSCO |
||
| 082 |
_aEP / 372.803 / _bP75 |
||
| 100 |
_aPolo Zamalloa, Abel _932017 |
||
| 245 | _aCuentos para Amaru / | ||
| 260 |
_aCusco : _bBiblioteca nacional del Perú, _bCarvayo, _c2010. |
||
| 300 |
_a87 paginas ; _bilustraciones, _c20 cm. |
||
| 500 | _acuentos para niños | ||
| 650 |
_aCuentos _9217 |
||
| 650 |
_aHistorias _92725 |
||
| 650 |
_aLiteratura _983 |
||
| 650 |
_aSiglo XX _98 |
||
| 700 |
_aYabarrena Herrera, Erwin _931293 |
||
| 700 |
_aSotomayor Huaman, Kelly _932018 |
||
| 700 |
_aConcha Tupayachi, Salustio _910595 |
||
| 942 |
_2ddc _cLIBROS |
||
| 945 |
_apjha _d2019-04-15 |
||